| 000 | 00434 a2200157 4500 | ||
|---|---|---|---|
| 003 | Nust | ||
| 005 | 20230310120605.0 | ||
| 040 | _cNust | ||
| 082 | _a297.63,SID | ||
| 100 |
_a Siddiqui , Moud Muzaffar Alam Javid _9110144 |
||
| 245 |
_aUrdu main Milad-un-Nabi (SAW) / _cMohammad Muzaffar Alam Javid Siddiqui |
||
| 260 |
_aIndia _bHadir Abad |
||
| 300 | _a919:p | ||
| 650 |
_aWay Of Life (S.W) _9110145 |
||
| 942 |
_2ddc _cBK _k297.63,SID |
||
| 999 |
_c187907 _d187907 |
||